000 01095cab a2200289 4500
001 ABS51619
008 090401t1994 xxu||||| |||| 00| 0 eng d
035 _a(Sirsi) u35496
041 _aeng
100 _aLong, P.
245 _aLiability of designers and builders
260 _c1994
350 _a0
490 _aEstates Gazette
_v(9440) 8 October 1994, 125-126(2)
520 _aSets a discussion of "Darlington BC v Wiltshier Northern Ltd" in the context of changing law on the duty of care owed by designers and builders to owners and occupiers, and the changing role of collateral warranties.
650 _aBUILT ENVIRONMENT-BUILDING CONTRACT FORMS-CONSTRUCTION COLLATERAL WARRANTY FORMS
650 _aCONTRACTORS
650 _aD&F ESTATES LTD V CHURCH COMMISSIONERS
650 _aDARLINGTON BC V WILTSHIER NORTHERN LTD
650 _aDUTY OF CARE
650 _aMURPHY V BRENTWOOD DC
650 _aNEGLIGENCE
650 _aST MARTINS PROPERTY CORPORATION LTD V SIR ROBERT MCALPINE AND SONS LTD
690 _aPROFESSIONAL PRACTICE
942 _n0
948 _c04/03/1997
999 _c23233
_d23233